000 01632nam a2200325 c 4500
003 BLK
005 20230406030519.0
008 180409b bul|||||r ||||||| ||bul||
010 _aKNG00106441000
020 _a954-439-720-5
_bиздат.: Слово
040 _aBLK
041 _aBUL
_cBUL
080 _aБългарска литература
_b821.163.2
_x.09(075.8)
_z821.163.2.09(075.8)
100 1 _aВелкова-Гайдаржиева, Антония Веселинова
_eпърви автор
_9372033
139 _aВелкова-Гайдаржиева, Антония Веселинова
_bВ 43
245 1 0 _aЛитературнокритически прочити
_cАнтония Веселинова Велкова-Гайдаржиева.
257 _aBGR
260 В. Търново
_bСлово
_c2002
_fВ. Търново : Абагар АД
300 _a272 с.
_c20 см
380 _a82
500 _aСъдържа критически материали за П. Хилендарски, Х. Ботев, З. Стоянов, И. Вазов, П. Славейков, П. К. Яворов, Т. Траянов, Д. Дебелянов, Г. Милев, Е. Багряна, Н. Хайтов, В. Попов, А. Германов.
650 4 _aБългарска литература - критика
_9241969
653 _aбългарска литература
653 _aлитературна критика
852 _aЦб 215017
856 4 _qpdf
_u
856 4 _qpdf
_u
942 _cKNG
_n0
944 _aCR
_c01.01.2002
_kГеновева_Генчева
944 _aED
_c23.11.2017
_kВиолета_Тройчева
999 _c101396
_d101396